Trade performance and regional integration of the CIS countries

Bibliographic Details
Main Author: Freinkman, Lev M.
Corporate Author: ProQuest (Firm)
Other Authors: Polyakov, Evgeny., Revenco, Carolina, 1974-
Format: Electronic eBook
Language:English
Published: Washington, DC : World Bank, 2004.
Series:World Bank working paper ; no. 38.
Subjects:
Online Access:Click to View
LEADER 01545nam a2200409Ia 4500
001 EBC3050699
003 MiAaPQ
005 20200520144314.0
006 m o d |
007 cr cn|||||||||
008 040520s2004 dcu sb 000 0 eng d
020 |z 0821358960 
035 |a (MiAaPQ)EBC3050699 
035 |a (Au-PeEL)EBL3050699 
035 |a (CaPaEBR)ebr10058912 
035 |a (CaONFJC)MIL8540 
035 |a (OCoLC)56053828 
040 |a MiAaPQ  |c MiAaPQ  |d MiAaPQ 
050 4 |a HF3626.5  |b .F74 2004 
082 0 4 |a 337.1/4  |2 22 
100 1 |a Freinkman, Lev M. 
245 1 0 |a Trade performance and regional integration of the CIS countries  |h [electronic resource] /  |c Lev Freinkman, Evgeny Polyakov, Carolina Revenco. 
260 |a Washington, DC :  |b World Bank,  |c 2004. 
300 |a ix, 69 p. 
490 1 |a World Bank working paper ;  |v no. 38 
504 |a Includes bibliographical references. 
533 |a Electronic reproduction. Ann Arbor, MI : ProQuest, 2015. Available via World Wide Web. Access may be limited to ProQuest affiliated libraries. 
650 0 |a Economics. 
651 0 |a Former Soviet republics  |x Commerce. 
651 0 |a Former Soviet republics  |x Commercial policy. 
651 0 |a Former Soviet republics  |x Economic integration. 
655 4 |a Electronic books. 
700 1 |a Polyakov, Evgeny. 
700 1 |a Revenco, Carolina,  |d 1974- 
710 2 |a ProQuest (Firm) 
830 0 |a World Bank working paper ;  |v no. 38. 
856 4 0 |u https://ebookcentral.proquest.com/lib/matrademy/detail.action?docID=3050699  |z Click to View